ბათუმის შოთა რუსთაველის სახელმწიფო უნივერსიტეტის ბიბლიოთეკა

Essential Clinical Anatomy / (ბიბ.ჩანაწერი № 61709)

000 -LEADER
fixed length control field 00673nam a22002057a 4500
005 - DATE AND TIME OF LATEST TRANSACTION
control field 20240419111912.0
008 - FIXED-LENGTH DATA ELEMENTS--GENERAL INFORMATION
fixed length control field 240419s2007 enk||||| |||| 00| 0 eng d
020 ## - INTERNATIONAL STANDARD BOOK NUMBER
International Standard Book Number 9780781762748x
041 ## - LANGUAGE CODE
Language code of text/sound track or separate title eng
080 ## - UNIVERSAL DECIMAL CLASSIFICATION NUMBER
Universal Decimal Classification number 611 M-83
100 ## - MAIN ENTRY--PERSONAL NAME
Personal name Moore, Keith L.
9 (RLIN) 9461
245 ## - TITLE STATEMENT
Title Essential Clinical Anatomy /
Statement of responsibility, etc. Keith L. Moore, A. M. R. Agur.
250 ## - EDITION STATEMENT
Edition statement Third edition
264 ## - PRODUCTION, PUBLICATION, DISTRIBUTION, MANUFACTURE, AND COPYRIGHT NOTICE
Place of production, publication, distribution, manufacture Philadelphia :
Name of producer, publisher, distributor, manufacturer Lippincott Williams & Wilkins,
Date of production, publication, distribution, manufacture, or copyright notice 2007
300 ## - PHYSICAL DESCRIPTION
Extent 692 p.:
Other physical details ill.;
Dimensions 28 cm.
653 ## - INDEX TERM--UNCONTROLLED
keyword კლინიკური ანატომია
653 ## - INDEX TERM--UNCONTROLLED
keyword მედიცინა
700 ## - ADDED ENTRY--PERSONAL NAME
Personal name Agur, A. M. R.
Relator term ავტორი
9 (RLIN) 9465
942 ## - ADDED ENTRY ELEMENTS (KOHA)
Source of classification or shelving scheme
Koha item type წიგნი
ეგზემპლარები
Withdrawn status Lost status Source of classification or shelving scheme Damaged status Not for loan Permanent Location Current Location Shelving location Date acquired Cost, normal purchase price Full call number Barcode Date last seen Copy number Price effective from Koha item type Public note
          ბათუმის შოთა რუსთაველის სახელმწიფო უნივერსიტეტის მთავარი ბიბლიოთეკა ბათუმის შოთა რუსთაველის სახელმწიფო უნივერსიტეტის მთავარი ბიბლიოთეკა წიგნსაცავი 2024-04-19 111.00 611 M-83 67870 2024-04-19 67870 2024-04-19 წიგნი 111 ლ.